|
|
|
|
| LEADER |
00000nam0a2200000 4500 |
| 001 |
323287 |
| 005 |
20231102003545.0 |
| 035 |
|
|
|a (RuTPU)RU\TPU\book\348860
|
| 035 |
|
|
|a RU\TPU\book\306148
|
| 090 |
|
|
|a 323287
|
| 100 |
|
|
|a 20161014d1982 e y0rusy50 ca
|
| 101 |
1 |
|
|a rus
|c bel
|
| 102 |
|
|
|a BY
|
| 105 |
|
|
|a c z 001ay
|
| 200 |
1 |
|
|a Жаворонки над Хатынью
|e повесть
|e пер. с белорус.
|f Е. Г. Кобец-Филимонова
|
| 210 |
|
|
|a Минск
|c Юнацтва
|d 1982
|
| 215 |
|
|
|a 286 с.
|c портр.
|
| 320 |
|
|
|a Вступительная статья: с. 3-4
|
| 606 |
1 |
|
|a Белорусская литература
|2 stltpush
|3 (RuTPU)RU\TPU\subj\28192
|9 51766
|
| 610 |
1 |
|
|a художественная литература
|
| 610 |
1 |
|
|a повести
|
| 610 |
1 |
|
|a Великая Отечественная война 1941-1945
|
| 610 |
1 |
|
|a Хатынь
|
| 610 |
1 |
|
|a Белоруссия
|
| 675 |
|
|
|a 882.6
|v 3
|
| 700 |
|
1 |
|a Кобец-Филимонова
|b Е. Г.
|g Елена Григорьевна
|
| 801 |
|
1 |
|a RU
|b 63413507
|c 20150129
|
| 801 |
|
2 |
|a RU
|b 63413507
|c 20200518
|g RCR
|
| 942 |
|
|
|c BK
|